Especialidades Odontológicas - Statistics

Estatísticas Gerais
  • Esse quiz foi jogado 20 vezes
  • A pontuação média é 8 de 13
Estatísticas das Respostas
Hint Resposta % Correto
Atendimento de crianças Odontopediatria
95%
Aparelhos Dentários Ortodontia
84%
Tratamento de canal Endodontia
79%
Instalação de Implantes Implantodontia
74%
Problemas relacionados a gengiva Periodontia
74%
Cirurgia Oral Complexa Bucomaxilofacial
68%
Restaurações estéticas Dentística
68%
Trabalha com pacientes com ausências dentárias Prótese
63%
Lesões bucais Patologia
47%
Estética facial HOF
42%
Lida com pacientes idosos Odontogeriatria
42%
Analise de imagens radiográficas Radiologia Odontológica
26%
Atendimento de pacientes especiais PNE
16%
Nenhum quiz correspondente encontrado
Distribuição das Pontuações
Porcentagem de Pessoas com Cada Pontuação
Percentil de Números Respondidos
Sua Pontuação Histórica
Você não jogou esse quiz